000 00610cam a22002293a 4500
001 5622
003 PGUSA
005 20140828083122.0
008 040501s2004||||xxu|||||s|||||000 1 eng d
040 _aPGUSA
_beng
042 _adc
050 4 _aPS
100 1 _aHarland, Marion,
_d1830-1922
245 1 0 _aAt Last :
_bA Novel
_h[electronic resource] /
_cMarion Harland
260 _bProject Gutenberg,
_c2004
506 _aPublic domain in the USA.
516 _aElectronic text
653 _aFiction
830 0 _aProject Gutenberg
_v5622
856 4 0 _uhttp://www.gutenberg.org/ebooks/5622
942 _cEB
999 _c234950
_d234950